Planning for tourism and tourism in developing countries : proceedings of Seminar B and F held at the PTRC summer annual meeting, University of Sussex, England, from 14-17 July 1986.

Bibliographic Details
Corporate Author: Planning and Transport Research and Computation (International) Co. Meeting
Format: Book
Language:English
Published: London, England : Published by PTRC Education and Research Services Ltd. on behalf of Planning and Transport Research and Computation (International) Co. Ltd., 1986.
Subjects:

MARC

Tag First Indicator Second Indicator Subfields
LEADER 00000cam a2200000 a 4500
001 in00000936621
005 20150925123216.0
008 870430s1986 enka b 10110 eng d
020 |a 0860501590 :  |c £4.00 for delegates, £6.00 for non-delegates 
035 |a (OCoLC)15615784 
035 |9 AES1117AM 
040 |a DJB  |c DJB  |d TXA  |d UtOrBLW 
043 |a d------ 
049 |a TXAM 
090 |a G155.A1  |b .P52 1986 
110 2 |a Planning and Transport Research and Computation (International) Co.  |b Meeting  |n (14th :  |d 1986 :  |c University of Sussex)  |p Seminar B. 
245 1 0 |a Planning for tourism and tourism in developing countries :  |b proceedings of Seminar B and F held at the PTRC summer annual meeting, University of Sussex, England, from 14-17 July 1986. 
264 1 |a London, England :  |b Published by PTRC Education and Research Services Ltd. on behalf of Planning and Transport Research and Computation (International) Co. Ltd.,  |c 1986. 
300 |a 93 pages, 1 unnumbered page :  |b illustrations ;  |c 30 cm. 
336 |a text  |b txt  |2 rdacontent 
337 |a unmediated  |b n  |2 rdamedia 
338 |a volume  |b nc  |2 rdacarrier 
500 |a Spine title: PTRC seminar for tourism and tourism in developing countries. 
500 |a "Volume P 274." 
504 |a Includes bibliographies and index. 
650 0 |a Tourism  |x Planning  |x Congresses. 
650 0 |a Tourism  |x Finance  |x Congresses. 
650 0 |a Tourism  |z Developing countries  |x Congresses. 
710 2 |a Planning and Transport Research and Computation (International) Co.  |b Meeting  |n (14th :  |d 1986 :  |c University of Sussex)  |p Seminar F. 
740 0 |a PTRC seminar for tourism and tourism in developing countries. 
740 0 |a Planning for tourism & tourism in developing countries. 
999 |a MARS 
999 f f |s c57c891f-b578-382c-bb4a-5fd4d834b05d  |i 0b577f9d-fe2d-32b9-801e-805b45d1a9fb  |t 0 
952 f f |p ric  |a Texas A&M University  |b Rellis Campus  |c Joint Library Facility  |d Remote Storage  |t 0  |e G155.A1 .P52 1986  |h Library of Congress classification  |i unmediated -- volume  |m A14813947844 
998 f f |a G155.A1 .P52 1986  |t 0  |l Remote Storage